书目信息 |
| 题名: |
计算机系统体系结构 英文
|
|
| 作者: | 马诺 著 | |
| 分册: | ||
| 出版信息: | 北京 清华大学出版社 1998.05 |
|
| 页数: | 523页 | |
| 开本: | 32开 | |
| 丛书名: | ||
| 单 册: | ||
| 中图分类: | ||
| 科图分类: | ||
| 主题词: | 电子计算机 | |
| 电子资源: | ||
| ISBN: | 7-302-02831-1 | |
| 000 | 00590nam0 2200217 45 | |
| 001 | 9912021032 | |
| 005 | 19991202103020.9 | |
| 010 | @a7-302-02831-1@d28.00元 | |
| 100 | @a19991202d1998 km y0chiy0120 ea | |
| 101 | @achi | |
| 105 | @a z 000yy | |
| 200 | 1 | @a计算机系统体系结构 英文@AJi Suan Ji Xi Tong Ti Xi Jie Gou Ying Wen@f马诺著@FMa Nuo Zhu |
| 205 | @a3版 | |
| 210 | @a北京@c清华大学出版社@d1998.05 | |
| 215 | @a523页@d32开 | |
| 606 | 0 | @a电子计算机 |
| 690 | @v3 | |
| 690 | @aTP303 | |
| 701 | @a马诺@4著 | |
| 801 | @aCN@bPFTUser@c19991202 | |
| 905 | @f2@b45728-729@dTP303@eM.637 | |
| 计算机系统体系结构 英文/马诺著.-3版.-北京:清华大学出版社,1998.05 |
| 523页;32开 |
| ISBN 7-302-02831-1:28.00元 |
| ● |
| 相关链接 |
|
|
|
正题名:计算机系统体系结构英文
索取号:TP303/M.637
 
预约/预借
| 序号 | 登录号 | 条形码 | 馆藏地/架位号 | 状态 | 备注 |
| 1 | 45728 | 200457282 | 自科库301/301自科库 76排1列1层/ [索取号:TP303/M.637] | 在馆 | |
| 2 | 45729 | 200457291 | 自科库301/301自科库 76排1列1层/ [索取号:TP303/M.637] | 在馆 | |
| 3 | 51448 | 200514489 | 自科库301/301自科库 76排1列1层/ [索取号:TP303/M.637] | 在馆 |